Normal view
MARC view
- PATTERN RECOGNITION SYSTEMS.CORRELATION(STATISTICS)
Entry Topical Term
001 - CONTROL NUMBER
- control field: 66233
003 - CONTROL NUMBER IDENTIFIER
- control field: NUST
005 - DATE AND TIME OF LATEST TRANSACTION
- control field: 20210628203544.0
008 - FIXED-LENGTH DATA ELEMENTS
- fixed length control field: 210628|| aca||aabn | a|a d
040 ## - CATALOGING SOURCE
- Original cataloging agency: NUST
- Transcribing agency: NUST
150 ## - HEADING--TOPICAL TERM
- Topical term or geographic name entry element: PATTERN RECOGNITION SYSTEMS.CORRELATION(STATISTICS)
670 ## - SOURCE DATA FOUND
- Source citation: Work cat.: (NUST): Kumar, B.V.K. Vijaya, Mahalanobis, Abhijit, Juday, Richard 66232, Correlation pattern recognition, 2005
